INFORMATION TECHNOLOGY AND LIBRARIES (Record no. 206813)
[ view plain ]
| 000 -LEADER | |
|---|---|
| fixed length control field | 00238nam a2200097Ia 4500 |
| 050 ## - LIBRARY OF CONGRESS CALL NUMBER | |
| Classification number | Z699.A45 2004 |
| 100 ## - MAIN ENTRY--PERSONAL NAME | |
| Personal name | AMJAD ALI |
| 245 #0 - TITLE STATEMENT | |
| Title | INFORMATION TECHNOLOGY AND LIBRARIES |
| 942 ## - ADDED ENTRY ELEMENTS (KOHA) | |
| Koha item type | Long Loan Book |
| Withdrawn status | Lost status | Source of classification or shelving scheme | Damaged status | Not for loan | Collection | Home library | Current library | Date acquired | Inventory number | Total checkouts | Full call number | Barcode | Date last seen | Date last checked out | Copy number | Price effective from | Koha item type |
|---|---|---|---|---|---|---|---|---|---|---|---|---|---|---|---|---|---|
| Library of Congress Classification | Reserve | Kisii University Library | Kisii University Library | 09/15/2023 | 36734 | 1 | Z 699 .A45 2004 | 000864 | 02/28/2025 | 02/28/2025 | 1 | 09/15/2023 | Short Loan Book |